Servant leadership, the master's design : (Record no. 6733)

MARC details
000 -LEADER
fixed length control field 00546 a2200193 4500
003 - CONTROL NUMBER IDENTIFIER
control field GBCCL
005 - DATE AND TIME OF LATEST TRANSACTION
control field 20241126110610.0
008 - FIXED-LENGTH DATA ELEMENTS--GENERAL INFORMATION
fixed length control field 180709b ||||| |||| 00| 0 eng d
020 ## - INTERNATIONAL STANDARD BOOK NUMBER
International Standard Book Number 9789385194870
040 ## - CATALOGING SOURCE
Transcribing agency gbc
082 ## - DEWEY DECIMAL CLASSIFICATION NUMBER
Classification number 262.1
Item number NGA
100 ## - MAIN ENTRY--PERSONAL NAME
Personal name Ngaihte, Ginneithang
9 (RLIN) 12532
245 ## - TITLE STATEMENT
Title Servant leadership, the master's design :
Remainder of title an Asian perspective/
Statement of responsibility, etc. Ginneithang Ngaihte
260 ## - PUBLICATION, DISTRIBUTION, ETC.
Place of publication, distribution, etc. Hyderabad:
Name of publisher, distributor, etc. GS Books,
Date of publication, distribution, etc. 2017
300 ## - PHYSICAL DESCRIPTION
Extent 296p.
650 ## - SUBJECT ADDED ENTRY--TOPICAL TERM
Topical term or geographic name entry element Leadership
9 (RLIN) 3087
650 ## - SUBJECT ADDED ENTRY--TOPICAL TERM
Topical term or geographic name entry element Christian leadership
9 (RLIN) 1568
942 ## - ADDED ENTRY ELEMENTS (KOHA)
Source of classification or shelving scheme Dewey Decimal Classification
Koha item type Books
Koha issues (borrowed), all copies 47
Holdings
Withdrawn status Lost status Source of classification or shelving scheme Damaged status Not for loan Home library Current Library Shelving location Date acquired Source of acquisition Cost, normal purchase price Total checkouts Total renewals Full call number Barcode Date last seen Date last checked out Copy number Cost, replacement price Price effective from Koha item type
    Dewey Decimal Classification     GRACE BIBLE COLLEGE GRACE BIBLE COLLEGE Ministry & Mission 2018-06-06 8 180.00 10 1 262.1 NGA 014706 2026-03-23 2026-03-20 c.1 180.00 2018-06-06 Books
    Dewey Decimal Classification     GRACE BIBLE COLLEGE GRACE BIBLE COLLEGE Ministry & Mission 2018-06-06 8 180.00 6 1 262.1 NGA 014707 2025-12-01 2025-11-24 c.2 180.00 2018-06-06 Books
    Dewey Decimal Classification     GRACE BIBLE COLLEGE GRACE BIBLE COLLEGE Ministry & Mission 2018-06-06 8 180.00 9   262.1 NGA 014708 2025-11-18 2025-11-13 c.3 180.00 2018-06-06 Books
    Dewey Decimal Classification     GRACE BIBLE COLLEGE GRACE BIBLE COLLEGE Ministry & Mission 2018-06-06 8 180.00 7   262.1 NGA 014709 2025-11-28 2025-11-25 c.4 180.00 2018-06-06 Books
    Dewey Decimal Classification     GRACE BIBLE COLLEGE GRACE BIBLE COLLEGE Ministry & Mission 2018-06-06 8 180.00 7 1 262.1 NGA 014710 2025-12-01 2025-11-24 c.5 180.00 2018-06-06 Books
    Dewey Decimal Classification     GRACE BIBLE COLLEGE GRACE BIBLE COLLEGE Ministry & Mission 2018-07-24     6   262.1 NGA 020008 2025-05-01 2023-11-30 c.6   2018-07-24 Books
    Dewey Decimal Classification     GRACE BIBLE COLLEGE GRACE BIBLE COLLEGE Ministry & Mission 2018-09-20     8   262.1 NGA 014833 2025-11-20 2025-11-13 c.7   2018-09-20 Books
    Dewey Decimal Classification     GRACE BIBLE COLLEGE GRACE BIBLE COLLEGE Ministry & Mission 2018-09-20     3   262.1 NGA 014834 2025-12-01 2023-11-23 c.8   2018-09-20 Books
    Dewey Decimal Classification     GRACE BIBLE COLLEGE GRACE BIBLE COLLEGE Ministry & Mission 2023-01-16     4 1 262.1 NGA 020340 2025-11-25 2025-11-18 c.9   2023-01-16 Books
© Grace Bible College Library 2025